| Tag |
First Indicator |
Second Indicator |
Subfields |
| LEADER |
00000cam a2200000 a 4500 |
| 001 |
in00000024859 |
| 005 |
20151007054426.0 |
| 008 |
870115s1987 nyu j 00011 eng |
| 010 |
|
|
|a 87004328
|
| 020 |
|
|
|a 0590406949
|
| 035 |
|
|
|a (OCoLC)15163549
|
| 035 |
|
|
|9 AAB5017AM
|
| 040 |
|
|
|a DLC
|c DLC
|d IMF
|d TXA
|d UtOrBLW
|
| 049 |
|
|
|a [Curr Col] TXAM
|c [A11497958]
|
| 050 |
0 |
0 |
|a PZ7.K8369
|b Se 1987
|
| 082 |
0 |
|
|a [Fic]
|2 19
|
| 100 |
1 |
|
|a Korman, Gordon.
|
| 245 |
1 |
2 |
|a A semester in the life of a garbage bag /
|c Gordon Korman.
|
| 264 |
|
1 |
|a New York :
|b Scholastic Inc.,
|c [1987]
|
| 264 |
|
4 |
|c ©1987
|
| 300 |
|
|
|a 257 pages ;
|c 22 cm.
|
| 336 |
|
|
|a text
|b txt
|2 rdacontent
|
| 337 |
|
|
|a unmediated
|b n
|2 rdamedia
|
| 338 |
|
|
|a volume
|b nc
|2 rdacarrier
|
| 490 |
0 |
|
|a Scholastic hardcover
|
| 520 |
|
|
|a When luckless Raymond Jardine becomes Sean Delancey's eleventh- grade-English project partner, he persuades Sean's grandfather to pose as a long-deceased, obscure Canadian poet, in an effort to pass the course and win a vacation to a luxurious Greek island.
|
| 650 |
|
1 |
|a Grandfathers
|x Fiction.
|
| 650 |
|
1 |
|a High schools
|x Fiction.
|
| 650 |
|
1 |
|a Schools
|x Fiction.
|
| 650 |
|
0 |
|a High schools
|v Fiction.
|
| 650 |
|
0 |
|a Schools
|v Fiction.
|
| 999 |
|
|
|a MARS
|
| 999 |
f |
f |
|s 682436cd-c1ff-3194-8156-d29bf5612176
|i 8c3bb752-da14-3272-9a90-2c6c6fe729c9
|t 0
|
| 952 |
f |
f |
|p ric
|a Texas A&M University
|b Rellis Campus
|c Joint Library Facility
|d Remote Storage
|t 0
|e PZ7.K8369 Se 1987
|h Library of Congress classification
|i unmediated -- volume
|m A14811497958
|
| 998 |
f |
f |
|a PZ7.K8369 Se 1987
|t 0
|l Remote Storage
|